000 00894nam a2200241 4500
005 20240530110539.0
008 160504s2015 paua|||f b||| 001 0 eng d
020 _a9781455707478
040 _aEG-CaGPL
082 0 4 _a617.43 /
_bO O
_221
245 0 0 _aOdze and Goldblum surgical pathology of the GI tract, liver, biliary tract, and pancreas /
_c[edited by] Robert D. Odze and John R. Goldblum.
250 _a3rd ed.
260 _aPhiladelphia, PA :
_bSaunders/Elsevier,
_cc2015.
300 _axix, 1612 p. :
_bill. ;
_c28 cm.
504 _aIncludes bibliographical references and index.
650 0 4 _aDigestive System Surgical Procedures
650 0 4 _aPathology, Surgical
_xMethods.
650 0 4 _aDigestive System
_xPhysiopathology
700 1 _aOdze, Robert D.,
_eeditor.
700 1 _aGoldblum, John R.,
_eeditor.
942 _2ddc
_cBK
999 _c62222
_d62222